| 000 | 00540nam a22001937a 4500 | ||
|---|---|---|---|
| 003 | OSt | ||
| 005 | 20170329121601.0 | ||
| 008 | 170329b xxu||||| |||| 00| 0 eng d | ||
| 020 | _a9781585282340 | ||
| 040 | _cDMLN | ||
| 082 | _aQV38 C63z 2010 | ||
| 100 |
_aZdanowicz, Martin M. _912001 |
||
| 245 | _aConcepts in Pharmacogenomics | ||
| 260 | _aUS; American Society of Health-system Pharmacists, 2010 | ||
| 300 | _aix,414p; ill: 25.5cm | ||
| 504 | _aReferences, & index included | ||
| 650 |
_aPharmacogenomics _91571 |
||
| 942 |
_2z _cSLOAN |
||
| 999 |
_c5774 _d5774 |
||